|
|
|
|
| LEADER |
00000nam0a2200000 4500 |
| 001 |
205788 |
| 005 |
20250211063206.0 |
| 035 |
|
|
|a (RuTPU)RU\TPU\book\224275
|
| 090 |
|
|
|a 205788
|
| 100 |
|
|
|a 20111214d1989 k y0rusy50 ca
|
| 101 |
0 |
|
|a rus
|
| 102 |
|
|
|a RU
|
| 105 |
|
|
|a a z 001zy
|
| 200 |
1 |
|
|a Топливоиспользование и охрана окружающей среды
|e сборник научных трудов
|f Московский энергетический институт (МЭИ) ; под ред. Э. П. Волкова
|
| 210 |
|
|
|a Москва
|c Изд-во МЭИ
|d 1989
|
| 215 |
|
|
|a 97 с.
|c ил.
|
| 225 |
1 |
|
|a Научные труды [МЭИ]
|v № 209
|
| 320 |
|
|
|a Библиография в конце статей
|
| 500 |
1 |
0 |
|a Труды Московского энергетического института
|9 88841
|
| 610 |
1 |
|
|a окружающая среда
|
| 610 |
1 |
|
|a топливоиспользование
|
| 610 |
1 |
|
|a охрана
|
| 610 |
1 |
|
|a ТЭС
|
| 610 |
1 |
|
|a выбросы
|
| 610 |
1 |
|
|a исследования
|
| 610 |
1 |
|
|a сборники
|
| 675 |
|
|
|a 504.3
|v 3
|
| 702 |
|
1 |
|a Волков
|b Э. П.
|4 340
|
| 712 |
0 |
2 |
|a Московский энергетический институт (МЭИ)
|c (1930-1992)
|3 (RuTPU)RU\TPU\col\20092
|
| 801 |
|
1 |
|a RU
|b 63413507
|c 20111214
|
| 801 |
|
2 |
|a RU
|b 63413507
|c 20190705
|g RCR
|
| 942 |
|
|
|c BK
|